Tự học, tự đào tạo - Tư tưởng chiến lược của phát triển giáo dục VN
Tập hợp một số bài viết xoay quanh 4 vấn đề: tự học; tự học trong trường phổ thông và đại học; Tự học bồi dưỡng trong đào tạo giáo viên; tự học của người xưa-Tủ sách tự học.
Đã lưu trong:
| Tác giả chính: | |
|---|---|
| Định dạng: | Sách |
| Năm xuất bản: |
H.
Giáo dục
1998
|
| Chủ đề: | |
| Tags: |
Thêm thẻ
Không có thẻ, Hãy là người đầu tiên gắn thẻ bản ghi này!
|
| LEADER | 01184nam a2200217 4500 | ||
|---|---|---|---|
| 082 | |a 371.3 |b T550h | ||
| 100 | |a ... | ||
| 245 | |a Tự học, tự đào tạo - Tư tưởng chiến lược của phát triển giáo dục VN |c .... | ||
| 260 | |a H. |b Giáo dục |c 1998 | ||
| 300 | |a 193tr. |c 24cm. | ||
| 520 | |a Tập hợp một số bài viết xoay quanh 4 vấn đề: tự học; tự học trong trường phổ thông và đại học; Tự học bồi dưỡng trong đào tạo giáo viên; tự học của người xưa-Tủ sách tự học. | ||
| 653 | |a Giáo dục | ||
| 653 | |a Việt Nam | ||
| 653 | |a Tự học | ||
| 653 | |a Đào tạo | ||
| 653 | |a Dạy học | ||
| 942 | |2 ddc |c STK0 | ||
| 999 | |c 10027 |d 10027 | ||
| 952 | |0 0 |1 0 |2 ddc |4 0 |6 371_300000000000000_T550H |7 0 |8 200 |9 78551 |a qbu |b qbu |c D2 |d 2015-07-16 |g 15000 |o 371.3 T550h |p 10190.c1 |r 0000-00-00 |w 2015-07-16 |y STK0 | ||
| 952 | |0 0 |1 0 |2 ddc |4 0 |6 371_300000000000000_T550H |7 0 |8 200 |9 78552 |a qbu |b qbu |c D2 |d 2015-07-16 |g 15000 |o 371.3 T550h |p 10190.c2 |r 0000-00-00 |w 2015-07-16 |y STK0 | ||
| 952 | |0 0 |1 0 |2 ddc |4 0 |6 371_300000000000000_T550H |7 0 |8 200 |9 78553 |a qbu |b qbu |c D2 |d 2015-07-16 |g 15000 |o 371.3 T550h |p 10190.c3 |r 0000-00-00 |w 2015-07-16 |y STK0 | ||